000
00327nam a2200133 4500
999
_c
8806
_d
8806
003
OSt
005
20210112110821.0
008
210112b ||||| |||| 00| 0 eng d
082
_a
728.0913
_b
EVA
100
_a
Evans, John MartÃn
245
_a
Housing, climate, and comfort
260
_a
London
_b
Architectural press
942
_2
ddc